| 000 | 00531nam a2200157 i 4500 | ||
|---|---|---|---|
| 001 | 101570 | ||
| 003 | ES-MaACL | ||
| 005 | 20230906182933.0 | ||
| 007 | t| | ||
| 008 | 051020s1927 sp ||||1| spa d | ||
| 245 | 0 | 4 |
_aLos médicos y la Sanidad de Madrid _b: Información... con motivo de la labor sanitaria de este Ayuntamiento... en... 1927... |
| 260 |
_aMadrid : _bColegio Oficial de Médicos, _c1927. |
||
| 300 |
_a19 p. ; _c24 cm. |
||
| 710 | 2 |
_aColegio Oficial de Médicos de Madrid. _92974 |
|
| 852 |
_aES-MaACL _j1668-F-21 |
||
| 999 |
_c101570 _d101570 |
||